000 13493nam a22007457a 4500
005 20100508123557.0
010 _aB-415551-591
020 _a9788183482462
_c125.00
035 _aB-406480
035 _aB-415551-591
037 _bDBAD/VEN/सुरेन्द्र कुमार एंड संस
037 _bसुरेन्द्र कुमार एंड संस/ VEN
082 _a306.0954
100 _aवीरेन्द्र सिंह
_923513
245 _aभारतीय कला एवं संस्कृति /
_cवीरेन्द्र सिंह
260 _aमेरठ
_bअरिहन्त पब्लिकेशन्स
_c200?
270 _aकालिन्दी, ट्रांसपोर्ट,नगर
_bमेरठ
_k0121-2401479
_l0121- 2401648
_minfo@arihantbooks.com
300 _a319पृ
_c24सेमी (अजिल्द)
500 _aडी.वी.ए.डी में प्राप्त पुस्तकें वी.पी.पी.डी.में उपहरा स्वरूप दी गई
500 _aसंघ एवं राज्य... समान रूप से उपयोगी
942 _2ddc
_cHN
_mवीरेन्द्र
_h306.0954
999 _c35927
_d35927